000 00607nam a2200229Ia 4500
003 OSt
005 20220918200335.0
006 a|||||r|||| 00| 0
007 ta
008 220917b |||||||| |||| 00| 0 eng d
024 _a88,370
037 _cTextual
040 _aARTS
_cARTS
_beng
041 _2eng
_aeng
082 _aT48h7385.M65, J4
100 _aPrescott Samuel C.
_993623
245 0 _aWhen M.I.T. was Boston tech
260 _aNa
_bNa
_c1954
650 _aHIGHER EDUCATION
942 _hT48h7385.M65, J4
_cTEXL
_2CC
999 _c212058
_d212058